Mensaje presidencial 2005
Uloženo v:
| Hlavní autor: | |
|---|---|
| Médium: | Kniha |
| Jazyk: | španělština |
| Vydáno: |
Santiago
Gobierno de Chile
2005
|
| Témata: | |
| Tagy: |
Přidat tag
Žádné tagy, Buďte první, kdo vytvoří štítek k tomuto záznamu!
|
MARC
| LEADER | 00000nam a2200000 a 4500 | ||
|---|---|---|---|
| 001 | UCK4776 | ||
| 003 | CL-VaPUC | ||
| 008 | 050624e20050500CL |||||||||||||||||spa|d | ||
| 082 | 0 | 4 | |a 351.003 |b MEN |2 21 |
| 100 | |a Lagos Escobar, Ricardo |e author |9 296002 | ||
| 245 | 1 | 0 | |a Mensaje presidencial 2005 |
| 300 | |a 27 p | ||
| 942 | |c BK | ||
| 945 | |d 20050624 00:00:00 |a cmena | ||
| 260 | |a Santiago |b Gobierno de Chile |c 2005 | ||
| 500 | |a Mensaje presidencial del 21 de mayo 2005: resumen del discurso del Presidente de la República don Ricardo Lagos Escobar, en el inicio de la legislatura ordinaria del Congreso Nacional | ||
| 650 | 0 | |a Política económica |9 255029 | |
| 650 | 0 | |a Política y gobierno |9 255151 | |
| 650 | 7 | |a MENSAJES PRESIDENCIALES |2 CL-VaPUC |9 256599 | |
| 651 | 7 | |a CHILE |2 CL-VaPUC |9 493334 | |
| 583 | |a last modification |c 20160602 17:23:42 |k Rodrigo Vera | ||
| 999 | |c 313520 |d 313518 | ||
| 952 | |0 0 |1 0 |2 ddc |4 0 |6 351_003000000000000_MEN_2005 |7 0 |8 A |9 384911 |a BIBALI |b BIBALI |c GEN |d 2019-11-22 |i 4140184 |o 351.003 MEN 2005 |p 4140184 |r 2025-01-20 |w 2019-11-22 |y BK |k ALI | ||
| 952 | |0 0 |1 0 |4 0 |6 351_003000000000000_MEN_2005 |7 0 |8 F |9 384912 |a BIBDER |b BIBDER |d 2019-11-22 |i 4140168 |o 351.003 MEN 2005 |p 4140168 |r 2023-01-25 |w 2019-11-22 |y BK_F |k DER | ||
| 952 | |0 0 |1 0 |4 0 |6 351_003000000000000_MEN_2005 |7 0 |8 A |9 384913 |a BIBGIM |b BIBGIM |d 2019-11-22 |i 4140176 |o 351.003 MEN 2005 |p 4140176 |r 2025-01-15 |w 2019-11-22 |y BK |k GIM | ||
| 952 | |0 0 |1 0 |2 ddc |4 0 |6 351_003000000000000_MEN_2005 |7 0 |8 A |9 384918 |a BIBCUR |b BIBCUR |c GEN |d 2019-11-22 |i 4140249 |o 351.003 MEN 2005 |p 4140249 |r 2025-04-22 |w 2019-11-22 |y BK |k PER | ||
| 952 | |0 0 |1 0 |4 0 |6 351_003000000000000_MEN_2005 |7 0 |8 A |9 384919 |a BIBHIS |b BIBHIS |d 2019-11-22 |i 4140265 |o 351.003 MEN 2005 |p 4140265 |r 2025-01-20 |w 2019-11-22 |y BK |k HIS | ||